| 000 | 00439cam a2200169ua 4500 | ||
|---|---|---|---|
| 020 | _cRs 22.50 | ||
| 041 |
_aeng _h |
||
| 082 |
_a630.57 _bRAM/IS |
||
| 100 | _aRamulu, Sree U S . | ||
| 245 |
_aIsotopes in agriculture / _cU S Sree Ramulu. _hTextual Documents |
||
| 260 |
_aNew Delhi : _bOxford & IBH Publishing company , _c1982. |
||
| 300 | _a320 ; . | ||
| 365 | _aRs 22.50 | ||
| 504 | _a | ||
| 942 | _cBK | ||
| 999 |
_c385 _d385 |
||